| 000 | 00768nam a2200241 a 4500 | ||
|---|---|---|---|
| 001 | BRCA_1273 | ||
| 005 | 20190320203345.0 | ||
| 008 | 181105s2009----mx-a######---#000-0#spa-# | ||
| 020 | _a9786079526009 | ||
| 041 | _aspa | ||
| 044 | _amx | ||
| 050 | 4 |
_aHD9506.G8 _b.L46 2009 |
|
| 100 | 1 |
_aLeón Rábago, Diego _94181 |
|
| 245 | 1 | 0 |
_aHerencia minera _bGuanajuato _cDiego León Rábago, Ada Marina Lara Meza. |
| 260 |
_aMéxico _bGuanajuato Patrimonio de la Humanidad _c2009 |
||
| 300 |
_a221 p. _bil. a color _c30 cm. |
||
| 500 | _aIncluye glosario | ||
| 504 | _aBibliografía: p. 220-221 | ||
| 650 | 1 | 4 |
_aMinas y recursos minerales _zMéxico _94182 |
| 651 | 4 |
_aGuanajuato (México) _xHistoria _94183 |
|
| 700 | 1 |
_aLara Meza, Ada Marina _ecoaut. _94184 |
|
| 942 |
_2lcc _cB |
||
| 999 |
_c1142 _d1142 |
||